Sportifs en L - Statistiques

Statistiques générales
  • Ce quiz a été pris 157 fois
  • Le résultat moyen est 10 sur 16
Statistiques - réponses
Par images Réponse % Correct
Charles Leclerc
91%
Robert Lewandowski
88%
Renaud Lavillenie
86%
Sébastien Loeb
80%
Franck Lampard
79%
Camille Lacourt
73%
Ezequiel Lavezzi
73%
Bernard Lama
70%
Mickael Landreau
64%
Jonah Lomu
61%
Jeannie Longo
50%
Carl Lewis
49%
Niki Lauda
44%
Jean-Michel Larqué
36%
Greg Lemond
23%
Ivan Lendl
13%
Aucun quiz correspondant
Distribution des résultats
% des personnes avec chaque résultat
Percentile par nombre de réponses
Votre historique - résultats
Vous n’avez pas pris ce quiz